|
|
|
|
| LEADER |
00000nam0a2200000 4500 |
| 001 |
342465 |
| 005 |
20231102005444.0 |
| 010 |
|
|
|a 9785893322156
|
| 035 |
|
|
|a (RuTPU)RU\TPU\book\371515
|
| 090 |
|
|
|a 342465
|
| 100 |
|
|
|a 20190301d2014 m y0rusy50 ca
|
| 101 |
1 |
|
|a rus
|c jpn
|
| 102 |
|
|
|a RU
|
| 105 |
|
|
|a y z 000ay
|
| 200 |
1 |
|
|a Остров Южной Камуи
|e пер. с яп.
|f К. Нисимура
|
| 210 |
|
|
|a Санкт-Петербург
|c Гиперион
|d 2014
|
| 215 |
|
|
|a 240 с.
|
| 225 |
1 |
|
|a Terra Nipponica
|v XXX
|
| 330 |
|
|
|a Небольшое собрание повестей и новелл Кетаро Нисимура открывает для российского читателя новое имя, которое японцы по праву сравнивают с именами Агаты Кристи и Жоржа Сименона. Однако по количеству детективных романов, повестей и новелл, коих насчитывается около шести сотен, Нисимура далеко опережает своих европейских коллег. Давно ставший легендой в мире японского детектива, Нисимура Кетаро ныне широко переводится в странах Запада. По его классическим произведениям поставлено множество фильмов и телесериалов.
|
| 606 |
1 |
|
|a Японская литература
|2 stltpush
|3 (RuTPU)RU\TPU\subj\21829
|9 46759
|
| 610 |
1 |
|
|a проза
|
| 610 |
1 |
|
|a новеллы
|
| 610 |
1 |
|
|a повести
|
| 675 |
|
|
|a 895.6
|v 4
|
| 700 |
|
1 |
|a Нисимура
|b К.
|g Кётаро
|
| 801 |
|
1 |
|a RU
|b 63413507
|c 20190301
|
| 801 |
|
2 |
|a RU
|b 63413507
|c 20190318
|g RCR
|
| 942 |
|
|
|c BK
|